[Event "Bad Wildbad"]
[Site "Bad Wildbad"]
[Date "1990.??.??"]
[Round "3"]
[White "Lutz, Christopher"]
[Black "Apicella, Manuel"]
[Result "1-0"]
[WhiteElo "2445"]
[BlackElo "2410"]

1.d4 Nf6 2.c4 g6 3.Nc3 Bg7 4.e4 d6 5.Nf3 O-O 6.Be2 e5 7.O-O Na6 8.Rb1 c6
9.d5 Nc5 10.Nd2 a5 11.Qc2 Bh6 12.b3 Qe7 13.a3 Bd7 14.b4 axb4 15.axb4 Na6
16.Ba3 Rfc8 17.Rfd1 cxd5 18.exd5 Bf5 19.Bd3 Bg4 20.Re1 Nc7 21.Bb2 b5 22.f3 Bd7
23.Nde4 bxc4 24.Bxc4 Nh5 25.Qb3 Kh8 26.b5 f5 27.b6 Rab8 28.Nf2 Qh4 29.b7 Rf8
30.Ne2 Ne8 31.g3 Qd8 32.Ba3 e4 33.f4 g5 34.Bb2+ Bg7 35.Nh3 h6 36.Nd4 Qc7
37.Nc6 Bxc6 38.dxc6 Qxc6 39.Bxg7+ Nexg7 40.fxg5 hxg5 41.Nxg5 Qc5+ 42.Kg2 Nf6
43.Qb4 Qc7 44.Ne6 Nxe6 45.Bxe6 Ng4 46.Rec1 Qe7 47.Qc3+ Ne5 48.Bc8 Qg5 49.Kh1 Rf6
50.Qc7 Qh5 51.Rc3 Nf3 52.Qd8+ Kg7 53.Rc7+ Rf7 54.Rxf7+ Kxf7 55.Qd7+ Kg8 56.Qe6+ Kg7
57.Qe7+ Qf7 58.Qxd6 Qa2 59.Qe7+ Kh6 60.Rb6+ Kh5 61.Qh7+  1-0

[Event "Bad Wildbad"]
[Site "Bad Wildbad"]
[Date "1990.??.??"]
[Round "8"]
[White "Lutz, Christopher"]
[Black "Bernard, Christophe"]
[Result "1-0"]
[WhiteElo "2445"]
[BlackElo "2335"]

1.d4 Nf6 2.c4 g6 3.Nc3 Bg7 4.e4 d6 5.Nf3 O-O 6.Be2 e5 7.O-O Na6 8.Re1 c6
9.Be3 Ng4 10.Bg5 f6 11.Bh4 Nh6 12.h3 g5 13.Bg3 f5 14.exf5 Nxf5 15.dxe5 Nxg3
16.fxg3 g4 17.hxg4 Qb6+ 18.Kh2 Bxg4 19.Ng5 Bf5 20.Bd3 Rae8 21.Bxf5 Rxf5 22.Qh5  1-0

[Event "Bad Wildbad"]
[Site "Bad Wildbad"]
[Date "1990.??.??"]
[Round "9"]
[White "Gschnitzer, Oswald"]
[Black "Vogt, Lothar"]
[Result "1/2-1/2"]
[WhiteElo "2440"]
[BlackElo "2505"]

1.Nf3 Nf6 2.c4 g6 3.Nc3 Bg7 4.e4 d6 5.d4 O-O 6.Be2 e5 7.Be3 Na6 8.O-O c6
9.d5 Ng4 10.Bg5 f6 11.Bh4 c5 12.Nd2 Nh6 13.g4 Nf7 14.a3 Bd7 15.Rb1 Nc7 16.b4 b6
17.Kg2 Bh6 18.h3 Rb8 19.Qc2 Qe7 20.Rb2 Bg5 21.Bxg5 Nxg5 22.bxc5 dxc5 23.Qd3 Nf7
24.a4 a5 25.Rfb1 Qd6 26.Nb3 Na6 27.Qe3 Nb4 28.Nb5 Qe7 29.Nd2 Nd6 30.Rc1 Rbd8  1/2-1/2

[Event "Baden-Baden op"]
[Site "Baden-Baden"]
[Date "1990.??.??"]
[Round "1"]
[White "Bischoff, Klaus"]
[Black "Clara, Hans Joachim"]
[Result "1-0"]
[WhiteElo "2530"]
[BlackElo "2420"]

1.d4 Nf6 2.c4 g6 3.Nc3 Bg7 4.e4 O-O 5.Nf3 d6 6.Be2 e5 7.d5 a5 8.Bg5 h6 9.Bh4 Na6
10.Nd2 Qe8 11.b3 Bd7 12.a3 Nh7 13.f3 h5 14.Bf2 Bh6 15.Ra2 Qe7 16.Qb1 Qg5
17.Rg1 Kg7 18.b4 h4 19.c5 axb4 20.axb4 Nxb4 21.Qxb4 Rxa2 22.Nxa2 Ra8 23.Nc1 Ra1
24.Qb2 Qxd2+ 25.Qxd2 Rxc1+ 26.Qxc1 Bxc1 27.cxd6 cxd6 28.Bd3 Bg5 29.Ke2 h3
30.gxh3 Bxh3 31.Rb1 Bc8 32.h4 Be7 33.Rc1 Bh3 34.Rc7 Kf8 35.Rxb7 Nf6 36.Be3 Nh5
37.Bh6+ Ke8 38.Bb5+ Kd8 39.Bg5 Bxg5 40.hxg5 f6 41.gxf6 Nxf6 42.Kf2 Nh5 43.Rh7 Nf4
44.Kg3 Bc8 45.Bf1 Bd7 46.Kh4 Ba4 47.Bh3 Ne2 48.Kg5 Nd4 49.Bg4  1-0

[Event "Baden-Baden op"]
[Site "Baden-Baden"]
[Date "1990.??.??"]
[Round "3"]
[White "Keilhack, Harald"]
[Black "Werner, Dimo"]
[Result "0-1"]
[WhiteElo "2330"]
[BlackElo "2340"]

1.Nf3 Nf6 2.c4 g6 3.Nc3 Bg7 4.e4 d6 5.d4 O-O 6.Be2 Nbd7 7.O-O e5 8.Re1 c6
9.Bf1 h6 10.h3 Nh7 11.dxe5 dxe5 12.Qc2 Nc5 13.Be3 Ne6 14.Rad1 Qe7 15.c5 Nhg5
16.Nxg5 hxg5 17.Na4 Re8 18.b3 Nd4 19.Qc1 g4 20.hxg4 Bxg4 21.f3 Be6 22.Bg5 Bf6
23.Bxf6 Qxf6 24.Bc4 Bxc4 25.Qxc4 Kg7 26.Qf1 Rh8 27.Qf2 Rh5 28.Rd2 Rah8  0-1

[Event "Bahrain"]
[Site "Bahrain"]
[Date "1990.??.??"]
[Round "11"]
[White "Bellon Lopez, Juan Manuel"]
[Black "Bouaziz, Slim"]
[Result "1/2-1/2"]
[WhiteElo "2445"]
[BlackElo "2355"]

1.d4 g6 2.e4 Bg7 3.c4 d6 4.Nc3 Nf6 5.Nf3 O-O 6.Be2 e5 7.dxe5 dxe5 8.Qxd8 Rxd8
9.Bg5 Re8 10.Nd5 Nxd5 11.cxd5 c6 12.Bc4 b5 13.Bb3 Bb7 14.Rc1 a5 15.a3 a4
16.Ba2 b4  1/2-1/2

[Event "Barcelona Vulca"]
[Site "Barcelona"]
[Date "1990.??.??"]
[Round "9"]
[White "Bellon Lopez, Juan Manuel"]
[Black "Fernandez Aguado, Juan Luis"]
[Result "0-1"]
[WhiteElo "2445"]
[BlackElo "2400"]

1.d4 Nf6 2.Nf3 g6 3.c4 Bg7 4.Nc3 O-O 5.e4 d6 6.Be2 e5 7.dxe5 dxe5 8.Qxd8 Rxd8
9.Bg5 Re8 10.Nd5 Nxd5 11.cxd5 c6 12.Bc4 cxd5 13.Bxd5 Nd7 14.Nd2 Nb6 15.Bb3 Be6
16.Ke2 f6 17.Be3 Rad8 18.Rhc1 Rd7 19.Bxb6 Bxb3 20.Nxb3 axb6 21.Rd1 Red8 22.Rxd7 Rxd7
23.Rd1 Rxd1 24.Kxd1 f5 25.Nd2 b5 26.Kc2 Kf7 27.Nb1 Bf8 28.Kd3 Bc5 29.f3 Bg1
30.h4 Bd4 31.b4 Bf2 32.h5 f4 33.hxg6+ Kxg6 34.Nc3 Be1 35.Nd5 Kh5 36.Ke2 Bh4
37.Kf1 Bd8 38.Kg1 Kh4 39.Kh2 h5 40.a3 Kg5 41.Kh3 Kg6 42.Nc3 Bb6 43.Nxb5 Bf2
44.Nd6 b6 45.a4 Kf6 46.a5  0-1

[Event "Belgrade (Women)"]
[Site "Belgrade"]
[Date "1990.??.??"]
[Round "1"]
[White "Stanciu, Gabriela"]
[Black "Cejic, Dusica"]
[Result "1-0"]
[WhiteElo "2265"]
[BlackElo "2240"]

1.Nf3 Nf6 2.c4 g6 3.Nc3 Bg7 4.e4 d6 5.d4 O-O 6.Be2 e5 7.O-O Nbd7 8.Be3 c6
9.Qc2 Ng4 10.Bg5 f6 11.Bh4 h5 12.h3 Nh6 13.dxe5 dxe5 14.b4 Qe7 15.c5 Re8
16.Nd2 Nf8 17.f3 Ne6 18.Nb3 Nf7 19.Rfd1 Nf4 20.Bf1 Be6 21.Bf2 Rad8 22.Kh2 Bc8
23.b5 Rxd1 24.Rxd1 Rd8 25.Na5 Rxd1 26.Qxd1 Qd8 27.b6 Qxd1 28.Nxd1 axb6 29.cxb6 Bf8
30.Bc4 Kg7 31.Nb2 Bb4 32.Nb3 Nd6 33.Bf1 Ne6 34.Nd3 Bc3 35.Ndc5 Nd4 36.a4 Nxb3
37.Nxb3 Be6 38.Nc5  1-0

[Event "Berliner Sommer"]
[Site "Berlin"]
[Date "1990.??.??"]
[Round "?"]
[White "Danner, Georg"]
[Black "Gruenberg, Hans Ulrich"]
[Result "0-1"]
[WhiteElo "2330"]
[BlackElo "2475"]

1.d4 Nf6 2.c4 g6 3.Nc3 Bg7 4.e4 d6 5.Be2 O-O 6.Nf3 e5 7.d5 a5 8.Bg5 h6 9.Bh4 Na6
10.Nd2 h5 11.a3 Bd7 12.Rb1 Bh6 13.Nf3 Nc5 14.b4 axb4 15.axb4 Na4 16.Nxa4 Rxa4
17.Qc2 Kg7 18.O-O Qa8 19.c5 Bg4 20.Rb2 Ra3 21.Ng5 Bxe2 22.Qxe2 Qa6 23.b5 Qa5
24.Nf3 Rc3 25.cxd6 cxd6 26.Rc2 Rfc8 27.Rxc3 Rxc3 28.Bg5 Bxg5 29.Nxg5 Qb4
30.g3 Qc5 31.Rd1 Rc2 32.Rd2 Rxd2 33.Qxd2 Qxb5 34.Kg2 Qc5 35.f4 Qc4 36.Qe3 Qc2+
37.Qf2 Qxf2+ 38.Kxf2 Ng4+ 39.Ke2 exf4 40.gxf4 Nxh2 41.e5 dxe5 42.d6 Kf8 43.d7 Ke7
44.Nxf7 Kxd7 45.Nxe5+ Ke6 46.Nxg6 Kf5 47.Ne7+ Kxf4 48.Kf2 Ng4+ 49.Kg2 Nf6
50.Kh3 Kg5 51.Kg3 b5 52.Nc6 Nd5 53.Nd4 b4 54.Ne6+ Kg6 55.Nd4 Nf6 56.Kh4 Ne4
57.Nb3 Kh6 58.Nd4 Nd6 59.Kg3 Kg5 60.Nf3+ Kg6 61.Nd2 Nf5+ 62.Kf4 h4 63.Kg4 Kf7
64.Nb3 Ke6 65.Nc5+ Kd5 66.Nb3 Kc4 67.Nd2+ Kd3 68.Nb3 Kc3 69.Nc5 b3 70.Kxf5 h3
71.Kf4 h2  0-1

[Event "Bern zt"]
[Site "Bern"]
[Date "1990.??.??"]
[Round "1"]
[White "Brunner, Lucas"]
[Black "Hug, Werner"]
[Result "1-0"]
[WhiteElo "2525"]
[BlackElo "2445"]

1.d4 Nf6 2.c4 d6 3.Nc3 Nbd7 4.e4 e5 5.Nf3 g6 6.Be2 Bg7 7.O-O O-O 8.d5 Nc5
9.Qc2 a5 10.Bg5 Bg4 11.Ne1 Bxe2 12.Qxe2 Qd7 13.f3 Nh5 14.Be3 b6 15.Nd3 f5
16.Nxc5 bxc5 17.Rab1 Nf6 18.b3 Rf7 19.a3 f4 20.Bd2 g5 21.Qe1 g4 22.Kf2 Bh6
23.Ke2 Rg7 24.Kd3 gxf3 25.gxf3 Qh3 26.Nb5 Bg5 27.Qe2 Kh8 28.Rg1 h6 29.Rbf1 Nh7
30.Qg2 Qh5 31.Qg4 Qxh2 32.Rg2 Qh4 33.Qxh4 Bxh4 34.Rxg7 Kxg7 35.Nxc7 Rg8 36.Bxa5 Kf7
37.Nb5 Be7 38.Bc7 Rg6 39.a4 Ke8 40.a5 Kd7 41.a6 Rg8 42.a7 Ra8 43.Bb8 Ng5
44.Ke2 Nf7 45.Ra1 Kc8 46.Ra6  1-0

[Event "Bern zt"]
[Site "Bern"]
[Date "1990.??.??"]
[Round "2"]
[White "Bischoff, Klaus"]
[Black "Kindermann, Stefan"]
[Result "1/2-1/2"]
[WhiteElo "2505"]
[BlackElo "2560"]

1.d4 Nf6 2.c4 g6 3.Nc3 Bg7 4.Nf3 d6 5.e4 O-O 6.Be2 e5 7.O-O Na6 8.d5 Nc5
9.Qc2 a5 10.Nd2 Ne8 11.Nb3 f5 12.Nxc5 dxc5 13.exf5 gxf5 14.f4 e4 15.a4 Bd4+
16.Kh1 Ra6  1/2-1/2

[Event "Bern zt"]
[Site "Bern"]
[Date "1990.??.??"]
[Round "3"]
[White "Brunner, Lucas"]
[Black "Hickl, Joerg"]
[Result "1/2-1/2"]
[WhiteElo "2525"]
[BlackElo "2500"]

1.e4 g6 2.d4 d6 3.c4 Bg7 4.Nc3 Nf6 5.Nf3 O-O 6.Be2 e5 7.d5 a5 8.Bg5 h6 9.Bh4 Na6
10.O-O Bd7 11.Nd2 Qe8 12.b3 Nh7 13.a3 f5 14.exf5 gxf5 15.Bh5 Qc8 16.Be7 Re8
17.Bxe8 Qxe8 18.Bh4 e4 19.Rc1 Nc5 20.Rc2 Nf8 21.Ne2 Ng6 22.Bg3 Nd3 23.f4 h5
24.h3 h4 25.Bh2 c5 26.a4 Qe7 27.Kh1 Bh6 28.Nb1 Kh7 29.Rd2 Nb4 30.Bg1 Rg8
31.Be3 Qg7 32.Nec3 Be8 33.Qe2 Nd3 34.Rxd3 exd3 35.Qd2 Ne7 36.Rf2 Qg3 37.Rf3 Qg7
38.Rf2 Qg3  1/2-1/2

[Event "Bern op"]
[Site "Bern"]
[Date "1990.??.??"]
[Round "3"]
[White "Gavrikov, Viktor"]
[Black "Gallagher, Joseph G"]
[Result "1-0"]
[WhiteElo "2580"]
[BlackElo "2470"]

1.d4 Nf6 2.c4 g6 3.Nc3 Bg7 4.e4 d6 5.Nf3 O-O 6.Be2 e5 7.d5 a5 8.Be3 Na6 9.Nd2 Bd7
10.O-O Ne8 11.Rc1 f5 12.exf5 gxf5 13.f4 c5 14.dxc6 bxc6 15.Kh1 Nac7 16.fxe5 dxe5
17.Nb3 Ne6 18.Na4 Rb8 19.Bb6 Qe7 20.Bxa5 c5 21.Nb6 Bc6 22.Nd5 Qa7 23.Bc7 Bxd5
24.Bxb8 Bxg2+ 25.Kxg2 Qxb8 26.Nxc5 Nd4 27.Nb3 Qa8+ 28.Kf2 Nxe2 29.Qxe2 Nf6
30.c5 Bh6 31.Ra1 Ng4+ 32.Ke1 Qa4 33.Rg1 Kh8 34.Rg3 e4 35.Qc2 Bf4 36.Rh3 Be5
37.c6 Rc8 38.Qc5 Qxc6 39.Rc1 Qxc5 40.Rxc5 Rxc5 41.Nxc5 Bxb2 42.a4 Bd4 43.Ne6 Be3
44.Rh5 f4 45.h3 Nh2 46.Rf5 Nf3+ 47.Kd1 h6 48.Nxf4 Kg7 49.a5 Nd4 50.Nh5+ Kg6
51.Re5 Nf5 52.a6 Bd4 53.Nf4+  1-0

[Event "Bern zt"]
[Site "Bern"]
[Date "1990.??.??"]
[Round "13"]
[White "Bruk, Ofer"]
[Black "Kindermann, Stefan"]
[Result "1/2-1/2"]
[WhiteElo "2435"]
[BlackElo "2560"]

1.Nf3 g6 2.c4 Bg7 3.Nc3 d6 4.d4 Nf6 5.e4 O-O 6.Be2 e5 7.dxe5 dxe5 8.Qxd8 Rxd8
9.Bg5 Na6 10.Nd5 Rd6 11.Bxf6 Bxf6 12.Nxf6+ Rxf6 13.Nxe5 Re6 14.Ng4 h5 15.Ne3 Rxe4
16.O-O-O Re8 17.Bf3  1/2-1/2

[Event "Biel-B"]
[Site "Biel"]
[Date "1990.??.??"]
[Round "1"]
[White "Cramling, Pia"]
[Black "Spraggett, Kevin"]
[Result "1/2-1/2"]
[WhiteElo "2505"]
[BlackElo "2540"]

1.d4 Nf6 2.c4 g6 3.Nc3 Bg7 4.e4 d6 5.Nf3 O-O 6.Be2 e5 7.dxe5 dxe5 8.Qxd8 Rxd8
9.Bg5 Na6 10.Nd5 Rd6 11.Bxf6 Bxf6 12.Nxf6+ Rxf6 13.Nxe5 Re6 14.f4 Nc5 15.O-O-O Ra6
16.Rd8+ Kg7 17.a3 Ne6 18.Re8 f6 19.Nd3 Kf7 20.Rh8 Nf8  1/2-1/2

[Event "Biel op"]
[Site "Biel"]
[Date "1990.??.??"]
[Round "1"]
[White "Timmer, Robert"]
[Black "Cvitan, Ognjen"]
[Result "1/2-1/2"]
[WhiteElo "2280"]
[BlackElo "2515"]

1.d4 Nf6 2.c4 g6 3.Nc3 Bg7 4.e4 d6 5.Nf3 O-O 6.Be2 e5 7.dxe5 dxe5 8.Qxd8 Rxd8
9.Bg5 Nbd7 10.O-O-O Rf8 11.Ne1 Nc5 12.f3 Ne6 13.Be3 c6 14.Nc2 c5  1/2-1/2

[Event "Biel op"]
[Site "Biel"]
[Date "1990.??.??"]
[Round "2"]
[White "Gheorghiu, Florin"]
[Black "Southam, David"]
[Result "1/2-1/2"]
[WhiteElo "2500"]
[BlackElo "2250"]

1.d4 Nf6 2.c4 g6 3.Nc3 Bg7 4.e4 d6 5.Nf3 O-O 6.Be2 e5 7.Be3 Ng4 8.Bg5 f6
9.Bh4 g5 10.Bg3 Nh6 11.d5 Nd7 12.Nd2 a5 13.h4 g4 14.Bxg4 Nxg4 15.Qxg4 Nc5
16.Qe2 f5 17.f3 Bh6 18.Bf2 b6 19.exf5 Bxf5 20.Bxc5 bxc5 21.Nde4 Kh8 22.g4 Bxe4
23.Nxe4 Bf4 24.Kd1 Qe7 25.Kc2 Rfb8 26.a4 Rb4 27.b3 Rf8 28.Qd3 Rbb8 29.g5 Rf7
30.Rag1 Rg8 31.Rg4 h5 32.Rgg1 Kg7 33.Nf6 Rh8 34.Rg2 e4 35.Qxe4 Qxe4+ 36.fxe4 Be5
37.Rf1 Kg6 38.Rf5 Rhf8 39.Kd2 Rh8 40.Rf3 Rb8 41.Rgf2 Re7 42.Kc2 Rf7 43.Rf1 Re7
44.Rf5 Rd8 45.R1f3 Rh8 46.Kd3 Rd8 47.Ke2 Rh8 48.Kf1 Rd8 49.Kg2 Ra8 50.Kh3 Rh8
51.Rf1 Ra8 52.Ng4 hxg4+ 53.Kxg4 Bc3 54.h5+ Kg7 55.h6+ Kg6 56.Rf6+ Bxf6 57.Rxf6+ Kh7
58.Kh5 Re5 59.Rf7+ Kh8 60.h7 Rxe4 61.Rxc7 Rae8 62.Rd7 R8e7 63.Rxd6 Kxh7 64.Rh6+ Kg7
65.Rg6+ Kh8 66.Rc6 R4e5 67.Kg6 Rg7+ 68.Kf6 Rgxg5 69.Rc7 Rgf5+ 70.Kg6 Kg8
71.Rxc5 Kf8 72.Rxa5 Rg5+ 73.Kf6 Rgf5+ 74.Kg6 Ke7 75.Ra7+ Kd6 76.Ra6+ Ke7
77.Ra7+ Kd6 78.Ra6+ Ke7 79.Ra7+ Kd6  1/2-1/2

[Event "Biel-B"]
[Site "Biel"]
[Date "1990.??.??"]
[Round "3"]
[White "Groszpeter, Attila"]
[Black "D'Amore, Carlo"]
[Result "1/2-1/2"]
[WhiteElo "2555"]
[BlackElo "2425"]

1.d4 Nf6 2.c4 d6 3.Nc3 Nbd7 4.e4 e5 5.Nf3 g6 6.Be2 Bg7 7.O-O O-O 8.Be3 Ng4
9.Bg5 f6 10.Bh4 Nh6 11.h3 Nf7 12.Qd2 c6 13.Rad1 Re8 14.Rfe1 a5 15.Bf1 a4
16.Qc2 Qa5 17.b3 exd4 18.Nxd4 Nc5 19.f3 f5 20.exf5 Bxd4+ 21.Rxd4 Bxf5 22.Rxe8+ Rxe8
23.Qb2 axb3 24.axb3 Qb4 25.Bf2 Qxb3 26.Rd2 Qxb2 27.Rxb2 Ra8 28.Bxc5 dxc5
29.Rxb7 Ra3 30.Ne2 Nd6 31.Rc7 Ra1 32.Ng3 Nxc4 33.Nxf5 gxf5 34.Kf2 Ra2+ 35.Be2 Na5
36.Ra7 f4 37.Kg1 Ra3 38.h4 c4 39.h5 h6 40.Kh2 c3 41.Bd3 c5 42.Rc7 c4  1/2-1/2

[Event "Biel-C"]
[Site "Biel"]
[Date "1990.??.??"]
[Round "4"]
[White "Danner, Georg"]
[Black "Castagna, Renzo"]
[Result "1-0"]
[WhiteElo "2330"]
[BlackElo "2230"]

1.d4 Nf6 2.c4 g6 3.Nc3 Bg7 4.e4 d6 5.Be2 O-O 6.Nf3 e5 7.d5 a5 8.Bg5 h6 9.Bh4 Na6
10.Nd2 Qe8 11.a3 Bd7 12.b3 Nh7 13.Rb1 h5 14.f3 Bh6 15.Bf2 Qe7 16.b4 axb4
17.axb4 f5 18.c5 Nf6 19.O-O Kh8 20.cxd6 cxd6 21.b5 Nc5 22.Bxc5 dxc5 23.Nc4 fxe4
24.fxe4 Ng4 25.Qd3 Rxf1+ 26.Rxf1 Nxh2 27.Kxh2 Qh4+ 28.Kg1 Bf4 29.Rxf4 exf4
30.Ne5 Qe1+ 31.Bf1 Ra3 32.Nxd7 Rxc3 33.Qe2 Qxe2 34.Bxe2 Re3 35.Kf2 Rxe4 36.Nxc5 Rd4
37.Nxb7 Rxd5 38.b6 Rd2 39.Nc5 Rb2 40.b7 g5 41.Kf3 Rb4 42.Ba6 g4+ 43.Ke2 Rb2+
44.Ke1 f3 45.gxf3 g3 46.Bf1 Kg7 47.f4 Kg6 48.Bd3+ Kf7 49.Be4 Rb4 50.Kf1  1-0

[Event "Biel op"]
[Site "Biel"]
[Date "1990.??.??"]
[Round "5"]
[White "Schaufelberger, Heinz"]
[Black "Habibi, Ali"]
[Result "1-0"]
[WhiteElo "2300"]
[BlackElo "2280"]

1.d4 Nf6 2.c4 g6 3.Nc3 Bg7 4.e4 d6 5.Nf3 O-O 6.Be2 Nbd7 7.O-O e5 8.d5 Ne8
9.Ne1 f5 10.Nd3 f4 11.b4 Ndf6 12.a4 g5 13.f3 h5 14.Nf2 Rf7 15.c5 Bf8 16.c6 Rg7
17.h3 bxc6 18.dxc6 Be6 19.Nd5 Qc8 20.Ra3 Rb8 21.b5 Nxd5 22.exd5 Bf5 23.Bd3 Nf6
24.Qc2 Bxd3 25.Qxd3 Be7 26.Re1 Qf8 27.Ne4 Ne8 28.Re2 Rh7 29.Bd2 Qf7 30.Be1 Qf5
31.Rf2 Ra8 32.a5 Bd8 33.Rfa2 g4 34.fxg4 hxg4 35.hxg4 Qxg4 36.Qf3 Qg6 37.b6 axb6
38.axb6 Rxa3 39.Rxa3 cxb6 40.Ra8 Qh6 41.Qh3 Qxh3 42.gxh3  1-0

[Event "Biel op"]
[Site "Biel"]
[Date "1990.??.??"]
[Round "5"]
[White "Lutz, Christopher"]
[Black "Wolter, Kai"]
[Result "1-0"]
[WhiteElo "2445"]
[BlackElo "2270"]

1.d4 Nf6 2.c4 g6 3.Nc3 Bg7 4.e4 d6 5.Nf3 O-O 6.Be2 e5 7.O-O Na6 8.Rb1 exd4
9.Nxd4 Nc5 10.f3 c6 11.Be3 Qe7 12.Qd2 a5 13.Rbd1 Ne8 14.Rfe1 Bd7 15.Nb3 Be6
16.Nxc5 dxc5 17.Na4 Be5 18.f4 Bd4 19.Bxd4 cxd4 20.Qxd4 Ng7 21.Qc5 Qf6 22.Qe3 b5
23.cxb5 cxb5 24.Bxb5 Rab8 25.Nc3 Bxa2 26.Ra1 Qe6 27.Qf2 Bc4 28.Rxa5 Bxb5
29.Rxb5 Rxb5 30.Nxb5 Rb8 31.Nc3 Qb3 32.Re2  1-0

[Event "Biel op"]
[Site "Biel"]
[Date "1990.??.??"]
[Round "7"]
[White "Lutz, Christopher"]
[Black "Rogers, Ian"]
[Result "0-1"]
[WhiteElo "2445"]
[BlackElo "2535"]

1.d4 d6 2.Nf3 g6 3.c4 Bg7 4.Nc3 Nf6 5.e4 O-O 6.Be2 e5 7.O-O Na6 8.Rb1 Re8
9.d5 Nc5 10.Nd2 a5 11.b3 Bh6 12.Qc2 Bg4 13.Bxg4 Nxg4 14.a3 Qd7 15.h3 Nf6
16.Nf3 Bxc1 17.Rfxc1 Nh5 18.b4 axb4 19.axb4 Na4 20.Ne2 c6 21.dxc6 Qxc6 22.Nd2 Nf6
23.Ng3 Rec8 24.Nb3 Nb6 25.Na5 Qc7 26.Qd3 Nbd7 27.Nf1 b6 28.Nb3 Ra4 29.Nbd2 Nf8
30.Ne3 Ne6 31.Nd5 Nxd5 32.exd5 Nf4 33.Qe3 Ra2 34.Kh2 Rca8 35.Rc3 f5 36.g3 Nh5
37.c5 bxc5 38.bxc5 Nf6 39.cxd6 Qxd6 40.Nc4 f4 41.gxf4 exf4 42.Nxd6 fxe3 43.Rxe3 Rxf2+
44.Kg3 Rd2 45.Nb5 Rf8 46.Kh4 h6 47.Rf3 Rg2  0-1

[Event "Biel op"]
[Site "Biel"]
[Date "1990.??.??"]
[Round "9"]
[White "Bellon Lopez, Juan Manuel"]
[Black "Southam, David"]
[Result "1-0"]
[WhiteElo "2475"]
[BlackElo "2250"]

1.d4 Nf6 2.c4 g6 3.Nc3 Bg7 4.e4 d6 5.Nf3 O-O 6.Be2 e5 7.dxe5 dxe5 8.Qxd8 Rxd8
9.Bg5 Na6 10.Nd5 Rd6 11.Bxf6 Bxf6 12.Nxf6+ Rxf6 13.Nxe5 Re6 14.f4 Nc5 15.O-O-O Kg7
16.Bf3 f6 17.Rd5 fxe5 18.Rxc5 c6 19.Bg4 Re7 20.Bxc8 Rxc8 21.Rxe5 Rxe5 22.fxe5 Kf7
23.Rf1+ Ke7 24.Kd2 Rd8+ 25.Ke3 Rd7 26.Rf6 Rd1 27.h4 Rg1 28.Rf2 Rh1 29.g3 Ke6
30.Kf4 Rd1 31.h5 Rh1 32.hxg6 hxg6 33.Rd2 Rf1+ 34.Kg5 Rg1 35.g4 Kxe5 36.Rd7 Kxe4
37.Rxb7 a5 38.Rc7 Kf3 39.Rf7+ Ke4 40.Rf6 c5 41.Rxg6 Rg2 42.Rb6 Kd4 43.Kf5 a4
44.Ra6 Rf2+ 45.Kg6 Rg2 46.g5 Ke5 47.Ra5 Kf4 48.Rxc5 Rxb2 49.Kf7 Rb7+ 50.Kf6 Rb6+
51.Kg7 Rb2 52.g6 Rxa2 53.Kf7 Rf2 54.g7 Ke4+ 55.Kg6  1-0

[Event "Biel op"]
[Site "Biel"]
[Date "1990.??.??"]
[Round "10"]
[White "Gheorghiu, Florin"]
[Black "Puri, Vinny"]
[Result "1-0"]
[WhiteElo "2500"]
[BlackElo "2255"]

1.d4 Nf6 2.c4 g6 3.Nc3 Bg7 4.e4 d6 5.Be2 O-O 6.Nf3 e5 7.Be3 Ng4 8.Bg5 f6
9.Bh4 Nc6 10.d5 Ne7 11.Nd2 f5 12.h3 Nh6 13.f3 Nf7 14.Qc2 Bh6 15.Bf2 c6 16.O-O-O cxd5
17.exd5 b6 18.Kb1 Bd7 19.b4 a6 20.Nb3 b5 21.c5 dxc5 22.Bxc5 Re8 23.d6 Nc6
24.Nd5 Bg7 25.h4 Rc8 26.Qd2 Be6 27.h5 Bxd5 28.Qxd5 Qd7 29.hxg6 hxg6 30.g4 Nd4
31.Bd3 Qc6 32.Qxc6 Rxc6 33.Nxd4 exd4 34.gxf5 Nxd6 35.fxg6 Nc4 36.Rhe1 Rxe1
37.Rxe1 Ne3 38.Be4 Rc7 39.Bd5+ Nxd5 40.Re8+ Bf8 41.Bxf8 Nf6 42.Ra8  1-0

[Event "Bielsko Biala op"]
[Site "Bielsko Biala"]
[Date "1990.??.??"]
[Round "3"]
[White "Malisauskas, Vidmantas"]
[Black "Kempys, Marek"]
[Result "1-0"]
[WhiteElo "2500"]
[BlackElo "2250"]

1.d4 Nf6 2.c4 g6 3.Nc3 Bg7 4.e4 d6 5.Be2 O-O 6.Nf3 e5 7.O-O Nbd7 8.Qc2 c6
9.Rd1 Re8 10.d5 c5 11.Ne1 Rf8 12.g3 Ne8 13.Bd3 Ndf6 14.Ng2 Ng4 15.f3 Nh6
16.Rf1 f5 17.exf5 Nxf5 18.Bxf5 Bxf5 19.Ne4 Nf6 20.Qe2 Nxe4 21.fxe4 Bd7 22.Rxf8+ Qxf8
23.Bg5 h6 24.Rf1 Qe8 25.Bd2 b5 26.Ne3 bxc4 27.Nxc4 Bb5 28.Rf2 Qd7 29.Kg2 Rf8
30.Rxf8+ Bxf8 31.b3 Qe7 32.Qg4 Qf7 33.Qh4 Bxc4 34.bxc4 g5 35.Qg4 Qb7 36.Bc3 Qb1
37.Qe2 Be7 38.Be1 Kg7 39.Bf2 Bf6 40.h4 gxh4 41.gxh4 Qb7 42.Qg4+ Kf8 43.Kg3 Qg7
44.Qxg7+ Kxg7 45.h5 Bg5 46.Kf3 Kf7 47.Kg4 Kf6 48.Be1 Be3 49.Ba5 Ke7 50.Kf5 Kf7
51.Be1 Bf4 52.Bf2 Ke7 53.Kg6 Bg5 54.Be1 Ke8 55.Bf2 Ke7 56.Kf5 Bf4 57.Bh4+ Kf7
58.Bd8 Bd2 59.a4 Be1 60.Bf6 Bg3 61.Bh8 Bf4 62.Bf6 Be3 63.Bxe5 dxe5 64.Kxe5 Bd4+
65.Kd6 Kf6 66.Kc6 Ke5 67.d6 Kxe4 68.d7 Bf6 69.Kxc5 Ke5 70.Kc6 Bd8 71.Kb7 Kd4
72.Kxa7 Kxc4 73.Kb7  1-0

[Event "Bielsko Biala op"]
[Site "Bielsko Biala"]
[Date "1990.??.??"]
[Round "9"]
[White "Przewoznik, Jan"]
[Black "Skalik, Przemyslaw"]
[Result "1-0"]
[WhiteElo "2415"]
[BlackElo "2300"]

1.Nf3 Nf6 2.c4 g6 3.Nc3 Bg7 4.e4 d6 5.d4 O-O 6.Be2 e5 7.Be3 h6 8.O-O Ng4
9.Bc1 Nc6 10.d5 Ne7 11.Nd2 f5 12.Bxg4 fxg4 13.b4 g5 14.c5 Ng6 15.Nc4 Rf4
16.Qd3 Nh4 17.Be3 Bf8 18.cxd6 cxd6 19.Nb5 Bd7 20.a4 Qf6 21.Bxf4 gxf4 22.Nc7 Rc8
23.Ne6 Be7 24.Rfc1 Kh8 25.Nd2 Rg8 26.Rc7 Bxe6 27.dxe6 Rg5 28.Qb5 Rg7 29.Qe8+ Kh7
30.Qh5 g3 31.hxg3 fxg3 32.fxg3 Rxg3 33.Rf1 Qg7 34.Rxe7  1-0

[Event "Bielsko Biala op"]
[Site "Bielsko Biala"]
[Date "1990.??.??"]
[Round "11"]
[White "Przewoznik, Jan"]
[Black "Grabarczyk, Bogdan"]
[Result "1-0"]
[WhiteElo "2415"]
[BlackElo "2310"]

1.Nf3 Nf6 2.c4 g6 3.Nc3 Bg7 4.e4 d6 5.d4 O-O 6.Be2 e5 7.Be3 h6 8.O-O Nc6
9.d5 Ne7 10.Nd2 Nxe4 11.Ndxe4 f5 12.f3 fxe4 13.fxe4 Rxf1+ 14.Bxf1 Kh7 15.b4 Ng8
16.c5 Nf6 17.Be2 Bd7 18.a4 h5 19.h3 Bh6 20.Qd2 Qf8 21.Rf1 Bxe3+ 22.Qxe3 a5
23.Qg5 Kg7 24.Bxh5 Qf7 25.bxa5 dxc5 26.Be2 Qe7 27.h4 Ng8 28.Qxe7+ Nxe7 29.Rb1 Ra7
30.Nb5 Rxa5 31.Nxc7 Rxa4 32.Rxb7 Rxe4 33.Na6 Rxe2 34.Rxd7 Kf6 35.Nxc5 Nf5
36.Rh7 Nd6 37.g4 Nf7 38.Kf1 Rc2 39.Ne4+ Ke7 40.Ng5  1-0

[Event "Blackpool zt"]
[Site "Blackpool"]
[Date "1990.??.??"]
[Round "?"]
[White "Suba, Mihai"]
[Black "Davies, Nigel R"]
[Result "1-0"]
[WhiteElo "2505"]
[BlackElo "2475"]

1.Nf3 g6 2.c4 Bg7 3.Nc3 Nf6 4.e4 O-O 5.d4 d6 6.Be2 e5 7.Be3 h6 8.O-O Ng4
9.Bc1 Nd7 10.h3 Ngf6 11.Be3 c6 12.Qc2 Qe7 13.Rfe1 a6 14.a3 exd4 15.Bxd4 Re8
16.Bf1 Ne5 17.Nd2 Nh5 18.Be3 Qh4 19.Ne2 f5 20.g3 Qe7 21.f4 Nf7 22.Bf2 fxe4
23.Nc3 Bf5 24.Qb3 Qd7 25.Na4 Rad8 26.Nb6 Qe7 27.Bg2 d5 28.cxd5 cxd5 29.Nxd5 Qd7
30.Nxe4 Bxh3 31.Rad1 Qf5 32.Ne7+ Rxe7 33.Rxd8+ Kh7 34.Rd5 Qc8 35.Rxh5 Bxg2
36.Kxg2 gxh5 37.Nf6+  1-0

[Event "Blackpool zt"]
[Site "Blackpool"]
[Date "1990.??.??"]
[Round "?"]
[White "Hynes, Kilian A"]
[Black "Davies, Nigel R"]
[Result "0-1"]
[WhiteElo "2240"]
[BlackElo "2475"]

1.d4 d6 2.c4 g6 3.Nc3 Bg7 4.e4 Nf6 5.Nf3 O-O 6.Be2 e5 7.O-O Na6 8.Be3 Qe8
9.dxe5 dxe5 10.h3 c6 11.a3 Qe7 12.Qc2 Nh5 13.Rfd1 Nc5 14.b4 Ne6 15.g3 f5
16.Kg2 f4 17.Bc5 Nxc5 18.bxc5 fxg3 19.fxg3 Qxc5 20.Na4 Qe7 21.c5 Kh8 22.Rd6 Be6
23.Rad1 Rae8 24.Nb2 Bc8 25.Nc4 Bf6 26.Qd2 Qf7 27.Qe3 g5 28.Nh2 Qg6 29.Ng4 Nf4+
30.Kh2 Ne6 31.Ncxe5 Bxe5 32.Nxe5 Qg7 33.Ng4 Re7 34.e5 Nc7 35.Rd8 h6 36.Nf6 Be6
37.Qe4 Bg8 38.Bg4 Nd5 39.Rxf8 Qxf8 40.Qf5 Ne3 41.Qg6 Bh7  0-1

[Event "Bordeaux"]
[Site "Bordeaux"]
[Date "1990.??.??"]
[Round "4"]
[White "Neidhardt, Claus Ulrich"]
[Black "Stromer, Alexander"]
[Result "1-0"]
[WhiteElo "2305"]
[BlackElo "2300"]

1.d4 Nf6 2.Nf3 g6 3.c4 Bg7 4.Nc3 O-O 5.e4 d6 6.Be2 e5 7.Be3 Ng4 8.Bg5 f6
9.Bh4 Nc6 10.dxe5 dxe5 11.Qxd8 Nxd8 12.Nd5 Rf7 13.h3 Nh6 14.Nxe5 fxe5 15.Bxd8 Bxh3
16.Bg5 Bxg2 17.Rh2 Bxe4 18.Bxh6 Bxh6 19.Rxh6 Rd8 20.Rd1 Kg7 21.Rh4 Bc2 22.Rd2 Bf5
23.Bd3 Rfd7 24.Bxf5 gxf5 25.Rxh7+  1-0

[Event "CSR-ch"]
[Site "Brno"]
[Date "1990.??.??"]
[Round "8"]
[White "Gross, Stefan"]
[Black "Salai, Ladislav"]
[Result "1-0"]
[WhiteElo "2420"]
[BlackElo "2395"]

1.Nf3 Nf6 2.c4 g6 3.Nc3 Bg7 4.e4 d6 5.d4 O-O 6.Be2 e5 7.Be3 h6 8.O-O Ng4
9.Bc1 Nc6 10.d5 Ne7 11.Ne1 f5 12.Bxg4 fxg4 13.Be3 g5 14.c5 dxc5 15.Bxc5 b6
16.Ba3 Ba6 17.Qxg4 Bxf1 18.Kxf1 Rf7 19.Nc2 c5 20.Rd1 Ng6 21.g3 Qf6 22.Rd2 Bf8
23.Ne3 Rb8 24.b3 b5 25.Bb2 Bd6 26.Qh5 Rh7 27.Nf5 Ne7 28.Nxd6 Qxd6 29.Nxb5 Qf6
30.Na3 Ng6 31.Nc4 Rc8 32.d6 Rf8 33.Ba3 Rg7 34.Bxc5 g4 35.Qf5 Qg5 36.Qxg5 hxg5
37.Ne3 Rc8 38.b4 a5 39.Bb6 Rc1+ 40.Ke2  1-0